مكتبة جامعة عجلون الوطنية

فهرس بحث المكتبة

Normal view MARC view
  • الذكاء-الابداع عند الاطفال-علم نفس

Entry Topical Term

Number of records used in: 1

001 - CONTROL NUMBER

  • control field: 38857

003 - CONTROL NUMBER IDENTIFIER

  • control field: JO-AjAnu

005 - DATE AND TIME OF LATEST TRANSACTION

  • control field: 20230606080452.0

008 - FIXED-LENGTH DATA ELEMENTS

  • fixed length control field: 230606|| aca||aabn | a|a d

040 ## - CATALOGING SOURCE

  • Original cataloging agency: JO-AjAnu
  • Transcribing agency: JO-AjAnu

150 ## - HEADING--TOPICAL TERM

  • Topical term or geographic name entry element: الذكاء-الابداع عند الاطفال-علم نفس

670 ## - SOURCE DATA FOUND

  • Source citation: Work cat.: (JO-AjAnu)19929: روشكا، الكسندر ، ترجمة ابو فخر،غسان عبد الحي, author 38856, نمو الذكاء والابداع عند الاطفال :الابداع والشخصية ، الشخصية المبدعة ودور العوامل العقلية